000
00202 a2200097 4500
001
45578
100
_a
Bowyer, C
245
_a
History of the RAF
260
_a
London
_b
Hamlyn
_c
090
_c
28740
_d
28740
942
_a
NUST-CAE
_c
M
_c
20825
999
_c
280651
_d
280651